000 00345nam a2200133Ia 4500
008 240624s9999 xx 000 0 und d
041 _aeng
082 _a332.1068 SWE
100 _aSWEETING PAUL
245 _aFINANCIAL ENTERPRISE RISK MANAGEMENT
260 _c2011
_aDelhi
_bCambridge University Press
300 _a562 : p.
365 _cGBP
_b28
999 _c20991
_d20991